00451cam a22001812 45000010011000000030004000110050017000150080041000320200015000730400015000880500026001032450050001292500012001792600028001913000010002196500022002297000018002510000009092OSt20190115111021.0080902s xx 000 0 eng d a0199669868 aKABUcKABU aKD313b.D53 2009 c. 112aA Dictionary of law /cedited by Jonathan Law a7th ed. aOxford :bO.U.P.,c2009 a595p. 0aLawvDictionaries1 aLaw, Jonathan